000 00619nam a22001935i 4500
001 168935
003 ES-MaACL
005 20230906213937.0
008 080626s1968 sp |||| | spa d
080 _a294.116.1:291.61
100 0 _aAmbrosio
_cSanto, Obispo de Milán.
_9189014
245 1 0 _aCostumbres de los brahmanes /
_cAmbrosio de Milán ; versión de Rafael León.
260 _aMálaga :
_bLibrería Anticuaria El Guadalhorce,
_c1968.
300 _a34 p. ;
_c18 cm.
650 1 4 _aBramanismo.
_9135696
700 1 _aLeón, Rafael.
_971594
852 _aES-MaACL
_j2241-F-2
_9R.137697
999 _c168935
_d168935